Normal view
MARC view
- Versteeg, H.
Entry Personal Name
001 - CONTROL NUMBER
- control field: 8607
003 - CONTROL NUMBER IDENTIFIER
- control field: NUST
005 - DATE AND TIME OF LATEST TRANSACTION
- control field: 20180118114031.0
008 - FIXED-LENGTH DATA ELEMENTS
- fixed length control field: 180118|| aca||aabn | a|a d
040 ## - CATALOGING SOURCE
- Original cataloging agency: NUST
- Transcribing agency: NUST
100 ## - HEADING--PERSONAL NAME
- Personal name: Versteeg, H.
670 ## - SOURCE DATA FOUND
- Source citation: Work cat.: (NUST)30320: Versteeg, H., An introduction to computational fluid dynamics :, 2007.
